Language Quiz

Random Language or Sporcle Quiz

ASL Fingerspelling Challenge Quiz Stats

 Plays Quiz Updated Feb 28, 2018

Challenge
Share
Tweet
Score 0/29 Timer 02:00
14 Plays Today
% Correct
A
98%
A
97.9%
L
96.6%
L
96.4%
L
96.2%
E
95.5%
I
95.2%
I
95.1%
E
95.1%
I
95%
N
94.9%
I
94.7%
N
94.6%
N
94.1%
M
94%
% Correct
M
93.3%
S
91.8%
T
90.6%
T
90.1%
T
89.5%
S
88.7%
Y
88.3%
S
87.5%
O
86.4%
G
85.3%
D
82.7%
U
82%
R
81.4%
V
78%

You're not logged in!

Compare scores with friends on all Sporcle quizzes.
OR
Log In

You Might Also Like...

Show Comments

Extras

Top Quizzes Today


Score Distribution

Your Account Isn't Verified!

In order to create a playlist on Sporcle, you need to verify the email address you used during registration. Go to your Sporcle Settings to finish the process.

Report this User

Report this user for behavior that violates our Community Guidelines.

Details: